000 00763cam a22002171 4500
001 sa 66004192
003 DLC
005 20260227112240.0
008 790920s1961 ii 000 0 eng
010 _asa 66004192
035 _a(OCoLC)5391279
040 _aDLC
_cNcRS
_dDLC
042 _apremarc
043 _aa-ii---
050 0 0 _aQK358
_b.H3 1961
100 1 _aHaines, Henry Haselfoot.
245 1 4 _aThe botany of Bihar and Orissa;
_ban account of all the known indigenous plants of the province and of the most important or most commonly cultivated exotic ones,
_cwith maps and introd., by H. H. Haines.
260 _aCalcutta,
_bBotanical Survey of India
_c[1961]
300 _a3 v. (xvi, 1372 p.)
_c22 cm.
650 0 _aBotany
_zIndia
_zBihar and Orissa.
999 _c69278
_d69278